00301 a2200109 4500001000700000020000600007040001100013100002100024240007100045245006600116362000900182164464 a  cMagnum aDavies, Nicholas10aO fundef e o orcamento da educacao: desvendando a caixa pretalpor10aO fundef e o orcamento da educacao: desvendando a caixa preta0 a1899